Statistical Reports of Region Southern Region

Uložené v:
Podrobná bibliografia
Médium: Kniha
Jazyk:Thai
English
Vydavateľské údaje: Bangkok National Statistical Office 1988
Vydanie:1. ed.
Predmet:
Tagy: Pridať tag
Žiadne tagy, Buďte prvý, kto otaguje tento záznam!

MARC

LEADER 00000nam a2200000 4500
001 c003307
005 20260121071326.4
041 0 |a tha 
041 0 |a eng 
044 |a TH 
245 1 0 |a Statistical Reports of Region  |b Southern Region 
250 |a 1. ed. 
264 1 |a Bangkok  |b National Statistical Office  |c 1988 
300 |a 297 s. 
610 2 0 |a údaje štatistické 
610 2 0 |a tabuľky štatistické 
610 2 0 |a Thajsko 
610 2 0 |a populácia 
610 2 0 |a školstvo 
610 2 0 |a zdravotníctvo 
610 2 0 |a poľnohospodárstvo 
610 2 0 |a výroba 
610 2 0 |a bankovníctvo 
610 2 0 |a financie štátne 
610 2 0 |a 1980-1990 
610 2 0 |a rozvoj regionálny 
610 2 0 |a regionalizácia